La valle felice /
Đã lưu trong:
| Tác giả chính: | |
|---|---|
| Tác giả khác: | , |
| Định dạng: | Sách |
| Ngôn ngữ: | Tiếng Italy |
| Được phát hành: |
Ferrara :
L. Tufani,
\1998!
|
| Loạt: | Elledi ;
5 |
| Những chủ đề: | |
| Các nhãn: |
Không có thẻ, Là người đầu tiên thẻ bản ghi này!
|
MARC
| LEADER | 00000nam a2200000 i 4500 | ||
|---|---|---|---|
| 001 | IT\ICCU\LO1\0474328 | ||
| 003 | ItRI | ||
| 005 | 20260115231950.0 | ||
| 008 | 990205s1998 it |||||| ||||| |||||c | ||
| 015 | |2 IT |a 99-5369 | ||
| 020 | |a 8886780222 | ||
| 040 | |b ita |c importazione bologna sebina | ||
| 041 | 7 | |a ita |2 ISO-639-2 | |
| 082 | |a 833.912 |9 NARRATIVA TEDESCA. 1900-1945 |2 20 | ||
| 100 | 1 | |a Schwarzenbach, Annemarie |0 IT\ICCU\RMLV\035312 |4 aut | |
| 240 | 1 | 4 | |a Das glückliche Tal. |3 IT\ICCU\LO1\0481947 |9 Schwarzenbach, Annemarie |
| 245 | 1 | 3 | |a La valle felice / |c Annemarie Schwarzenbach ; con una biografia dell'autrice di Charles Linsmayer ; traduzione e introduzione di Tina D'Agostini. |
| 260 | |a Ferrara : |b L. Tufani, |c \1998! | ||
| 300 | |a 180 p., \12! c. di tav. : |b ill. ; |c 21 cm. | ||
| 650 | 7 | |a Schwarzenbach, Annemarie | |
| 700 | 1 | |a D'Agostini, Tina |0 IT\ICCU\LO1V\172676 | |
| 700 | 1 | |a Linsmayer, Charles |0 IT\ICCU\MILV\051355 | |
| 830 | 0 | |a Elledi ; |v 5 |0 IT\ICCU\BVE\0100456 | |
| 942 | |2 ddc |c BK |n 0 | ||
| 952 | |0 0 |1 0 |4 0 |6 L_833_000000000000000_SCH |7 0 |9 17972 |a BO |b BO |d 2026-01-15 |i 4868 |l 0 |o L 833 SCH |p BO4868 |r 2026-01-15 23:19:50 |w 2026-01-15 |x [Sebina 5] [1 v.] |y BK |z 1 v. | ||
| 999 | |c 15275 |d 15275 | ||